000 00713cab a2200241 4500
001 WB3214-03
008 090401t1996 xxu||||| |||| 00| 0 eng d
035 _a(Sirsi) u64585
041 _aeng
245 _aShift away from CM
260 _c1996
350 _a0
490 _aBuilding
_v261(7934) 29 March 1996, 7(1)
520 _aDevelopers are asking construction managers for price guarantees on their schemes rather than fee-based contracting.
650 _aCM
650 _aBUILT ENVIRONMENT-BUILDING CONTRACT FORMS
650 _aCONSTRUCTION MANAGEMENT
_96230
650 _aFEE-BASED SYSTEMS
650 _aPRICE GUARANTEES
690 _aBUILT ENVIRONMENT
942 _n0
948 _c04/03/1997
999 _c40234
_d40234